<?xml version="1.0" encoding="UTF-8"?>
<record
    xmlns:xsi="http://www.w3.org/2001/XMLSchema-instance"
    xsi:schemaLocation="http://www.loc.gov/MARC21/slim http://www.loc.gov/standards/marcxml/schema/MARC21slim.xsd"
    xmlns="http://www.loc.gov/MARC21/slim">

  <leader>02521nam a22002657a 4500</leader>
  <controlfield tag="005">20250618083234.0</controlfield>
  <datafield tag="020" ind1=" " ind2=" ">
    <subfield code="a">9781071852521</subfield>
    <subfield code="c">TZS 148,242/=</subfield>
  </datafield>
  <datafield tag="040" ind1=" " ind2=" ">
    <subfield code="a">MUL</subfield>
    <subfield code="b">eng.</subfield>
    <subfield code="e">AACR</subfield>
  </datafield>
  <datafield tag="082" ind1=" " ind2=" ">
    <subfield code="a">300.72 MAR</subfield>
  </datafield>
  <datafield tag="100" ind1=" " ind2=" ">
    <subfield code="a">MARSHALL, C. (Author)</subfield>
  </datafield>
  <datafield tag="245" ind1=" " ind2=" ">
    <subfield code="a"> Designing qualitative research</subfield>
    <subfield code="c">/Catherine Marshall, Gretchen B. Rossman and Gerardo L. Blanco </subfield>
  </datafield>
  <datafield tag="250" ind1=" " ind2=" ">
    <subfield code="a">7th ed.</subfield>
    <subfield code="b">International student edition</subfield>
  </datafield>
  <datafield tag="260" ind1=" " ind2=" ">
    <subfield code="a">California:</subfield>
    <subfield code="b">SAGE Publications, Inc.,</subfield>
    <subfield code="c">c 2022.</subfield>
  </datafield>
  <datafield tag="300" ind1=" " ind2=" ">
    <subfield code="a">xxi, 320 p. :</subfield>
    <subfield code="b">ill. ;</subfield>
    <subfield code="c">23 cm.</subfield>
  </datafield>
  <datafield tag="504" ind1=" " ind2=" ">
    <subfield code="a">Includes references and index p. 290 - 320</subfield>
  </datafield>
  <datafield tag="505" ind1=" " ind2=" ">
    <subfield code="a">Qualitative research genres
Credibility, trustworthiness, and ethics
The what of the study: building the conceptual framework
The how of the study: building the research design
Basic data collection methods
Specialized and focused data collection methods
Managing, analyzing, and interpreting data
Arguing the merits of your proposal and moving forward</subfield>
  </datafield>
  <datafield tag="520" ind1=" " ind2=" ">
    <subfield code="a">"This bestselling text has been relied upon by thousands of graduate students to provide guidance on the different qualitative research genres, building a conceptual framework, and preparing the proposal. Students have appreciated the clarity of the content and writing, the useful examples, tools, and vignettes, and the extensive guide to recommended reading at the end of each chapter. Designing Qualitative Research, Seventh Edition has been updated within the contexts of 2020 during which it was written. Catherine Marshall, Gretchen B. Rossman and new co-author Gerardo L. Blanco have added more on the history and new emerging genres of qualitative inquiry, as well as providing a more sustained and deeper focus on social media and other digital applications in conducting qualitative research. They have added application activities throughout the chapters to provide opportunities for students to try out ideas. The new edition's timely vignettes illustrate the methodological challenges posed by the intellectual, ethical, political, and technological advances affecting society and, hence, those who choose to rely on qualitative research design for inquiry into these challenges. An accompanying Instructor website for the book includes PowerPoint slides and suggestions for class activities"-- Provided by publisher</subfield>
  </datafield>
  <datafield tag="546" ind1=" " ind2=" ">
    <subfield code="a">eng.</subfield>
  </datafield>
  <datafield tag="650" ind1=" " ind2=" ">
    <subfield code="a">Social Sciences methods</subfield>
  </datafield>
  <datafield tag="650" ind1=" " ind2=" ">
    <subfield code="a">Research designing</subfield>
  </datafield>
  <datafield tag="650" ind1=" " ind2=" ">
    <subfield code="a">Data collection methods</subfield>
  </datafield>
  <datafield tag="700" ind1=" " ind2=" ">
    <subfield code="a">ROSSMAN, B. G.</subfield>
    <subfield code="c">(Author)</subfield>
  </datafield>
  <datafield tag="700" ind1=" " ind2=" ">
    <subfield code="a">BLANCO, G. L.</subfield>
    <subfield code="c">(Author)</subfield>
  </datafield>
  <datafield tag="942" ind1=" " ind2=" ">
    <subfield code="c">BK</subfield>
  </datafield>
  <datafield tag="999" ind1=" " ind2=" ">
    <subfield code="c">11008</subfield>
    <subfield code="d">11008</subfield>
  </datafield>
  <datafield tag="952" ind1=" " ind2=" ">
    <subfield code="0">0</subfield>
    <subfield code="1">0</subfield>
    <subfield code="4">0</subfield>
    <subfield code="7">0</subfield>
    <subfield code="a">MU0001</subfield>
    <subfield code="b">MU0001</subfield>
    <subfield code="d">2025-01-22</subfield>
    <subfield code="e">HEET</subfield>
    <subfield code="l">0</subfield>
    <subfield code="o">300.72 MAR</subfield>
    <subfield code="p">0087104</subfield>
    <subfield code="r">2025-06-18 08:34:18</subfield>
    <subfield code="t">1</subfield>
    <subfield code="w">2025-06-18</subfield>
    <subfield code="y">BK</subfield>
  </datafield>
</record>
